[Event "60th ch-RUS Higher League"]
[Site "Krasnoyarsk RUS"]
[Date "2007.09.12"]
[Round "9"]
[White "Tomashevsky,E"]
[Black "Rychagov,A"]
[Result "1-0"]
[WhiteElo "2654"]
[BlackElo "2557"]

1.c4 c6 2.Nf3 d5 3.e3 Nf6 4.Nc3 a6 5.Qc2 e6 6.d4 c5 7.cxd5 exd5 8.Be2 Nc6
9.Ne5 Qc7 10.Nxc6 Qxc6 11.O-O cxd4 12.exd4 Bb4 13.Bf4 O-O 14.Rac1 Bd6 15.Be5 Nd7
16.Bxd6 Qxd6 17.Na4 Nb6 18.Qc5 Qxc5 19.Nxc5 Rd8 20.Rfe1 Kf8 21.Bf3 Rd6 22.b3 Rb8
23.Re5 Be6 24.Rce1 Bd7 25.R1e3 Bc6 26.Bg4 Rdd8 27.f4 Re8 28.Kf2 Rbd8 29.h4 a5
30.a4 Rxe5 31.fxe5 Ke7 32.h5 h6 33.Bf5 Re8 34.Rf3 Na8 35.Rc3 Kf8 36.Kg3 Re7
37.Nd3 Nc7 38.Rc5 Bd7 39.Bxd7 Rxd7 40.Nf4 b6 41.Rc6 b5 42.Kg4 bxa4 43.bxa4 Ke8
44.Kf5 Re7 45.Rc5 Ne6 46.Rxd5 Nxf4 47.Kxf4 Rb7 48.Rxa5 Rb4 49.Ke4 Rb2 50.Ra8+ Ke7
51.a5 Rxg2 52.a6 Ra2 53.a7  1-0

[Event "3rd Geller mem Open A"]
[Site "Odessa UKR"]
[Date "2007.09.12"]
[Round "5"]
[White "Kovaleva,M"]
[Black "Bagrationi,A"]
[Result "0-1"]
[WhiteElo "2042"]
[BlackElo "2164"]

1.c4 c6 2.Nc3 d5 3.cxd5 cxd5 4.d4 Nf6 5.Nf3 Nc6 6.Bf4 e6 7.e3 Bd6 8.Bxd6 Qxd6
9.Be2 O-O 10.O-O b6 11.Rc1 Bb7 12.h3 Rfc8 13.b3 a6 14.Qd3 b5 15.Rfd1 Rc7
16.Bf1 Rac8 17.Qd2 Ne4 18.Nxe4 dxe4 19.Ng5 Nb4 20.a3 Nc2 21.h4 Qxa3 22.Rb1 h6
23.Nh3 Bd5 24.Nf4 Qb4 25.Qe2 Na3 26.Rb2 Qc3 27.Rdd2 Bxb3 28.Qg4 Kf8 29.Rxb3 Qxb3
30.d5 Rd8 31.Qh5 exd5 32.Qf5 Rd6 33.h5 Qc3 34.Rxd5 Qf6 35.Qxe4 Nc4 36.Rf5 Qe7
37.Qa8+ Qe8 38.Qf3 Nd2 39.Qg4 Rc1 40.Ng6+ Kg8 41.Re5 Re6 42.Rxe6 Qxe6 43.Qb4 Rxf1+
44.Kh2 fxg6 45.Qxd2 Qe5+  0-1

[Event "60th ch-RUS Higher League"]
[Site "Krasnoyarsk RUS"]
[Date "2007.09.13"]
[Round "10"]
[White "Kabanov,N"]
[Black "Lintchevski,D"]
[Result "1/2-1/2"]
[WhiteElo "2509"]
[BlackElo "2451"]

1.c4 c6 2.Nf3 d5 3.e3 Nf6 4.Qc2 g6 5.b3 Bg7 6.Bb2 O-O 7.Be2 Re8 8.O-O Bg4
9.d4 Nbd7 10.Nbd2 Bf5 11.Bd3 Bxd3 12.Qxd3 Qa5 13.a3 Qa6 14.Qc2 Rac8 15.b4 b6
16.a4 Qb7 17.Qb3 h6 18.Rfd1 Red8 19.h3 a6 20.Ra2 Ra8 21.Bc3 Rdb8 22.Rda1 c5
23.b5 a5 24.dxc5 Nxc5 25.Qa3 Rd8 26.Bd4 Ne6 27.Rc1 dxc4 28.Nxc4 Nd5 29.Bxg7 Kxg7
30.Rd2 Nb4 31.Rcd1 Rxd2 32.Rxd2 f6 33.Qa1 Rc8 34.Nd4 Nxd4 35.Qxd4 Rc5 36.e4 Qc7
37.Ne3 Rc1+ 38.Rd1 Rxd1+ 39.Qxd1 Qc5 40.Qd8 h5 41.h4 Qc1+ 42.Kh2 Qc5 43.Kg3 Qe5+
44.Kf3 Qc5 45.g3 Kf7 46.Kg2 Kg7 47.Kg1 Qc1+ 48.Kh2 Qc5 49.Kg2 Qe5 50.Qxb6 Qxe4+
51.Kg1 Nd3 52.Qxa5 Ne5 53.Qd8 Qb1+ 54.Qd1 Qe4 55.Qd5 Qxa4 56.b6 Qb4 57.b7 e6
58.Qg2 Kf7 59.Kh2 Qb1 60.Kh3 g5 61.g4 hxg4+ 62.Nxg4 Nxg4 63.Qxg4 Qxb7 64.hxg5 Qh1+
65.Kg3 fxg5 66.Qxg5 Qg1+ 67.Kf4 Qxf2+ 68.Ke4 Qc2+ 69.Kf4 Qc4+ 70.Ke5 Qc3+
71.Ke4 Qc4+ 72.Ke5 Qe2+ 73.Kf4 Qd2+ 74.Kg4 Qxg5+ 75.Kxg5 Ke7 76.Kf4 Kd6 77.Ke4  1/2-1/2

[Event "CXG Int"]
[Site "Rio de Janeiro BRA"]
[Date "2007.09.13"]
[Round "9"]
[White "Fernando,D"]
[Black "Kubrusly,J"]
[Result "1-0"]
[WhiteElo "2438"]
[BlackElo "2247"]

1.c4 c6 2.e4 e5 3.Nf3 d6 4.d4 Nd7 5.Nc3 Ngf6 6.Be2 Be7 7.O-O O-O 8.Be3 Re8
9.d5 c5 10.a3 Bf8 11.Nd2 g6 12.b4 b6 13.Nb3 Kh8 14.Qd2 Ng8 15.Bd3 h6 16.f3 Kh7
17.Rab1 Be7 18.Qc2 Rf8 19.Bf2 Ngf6 20.Kh1 Nh5 21.g3 Ng7 22.Rbe1 Nh5 23.Re2 a6
24.Be3 Bf6 25.f4 Bg7 26.f5 Bf6 27.Rg2 Bg5 28.Bg1 Be7 29.Be2 Nhf6 30.g4 Ng8
31.Nc1 Rb8 32.Nd3 Bg5 33.Bd1 Kg7 34.Qf2 Bf6 35.Ba4 g5 36.Rb1 Qc7 37.Qa2 Be7
38.Be3 Ngf6 39.Bc6 Bb7 40.Bxb7 Rxb7 41.bxc5 bxc5 42.Rxb7 Qxb7 43.Rb2 Qc7
44.h3 Qa5 45.Bd2 h5 46.Nf2 hxg4 47.hxg4 Rh8+ 48.Kg2 Qd8 49.Rb1  1-0

[Event "TCh-FIN 2007-8"]
[Site "Finland FIN"]
[Date "2007.09.15"]
[Round "1"]
[White "Kosmo,S"]
[Black "Lampen,T"]
[Result "0-1"]
[WhiteElo "2262"]
[BlackElo "2345"]

1.c4 c6 2.e4 d6 3.d4 Nf6 4.Nc3 Nbd7 5.g4 h6 6.Be3 e5 7.f3 Be7 8.d5 Nf8 9.Qd2 N6d7
10.O-O-O Ng6 11.Kb1 c5 12.Bd3 Nh4 13.Rf1 Nf8 14.Bc2 a6 15.Nge2 Nfg6 16.Ng3 Bg5
17.Nf5 Qf6 18.Nxh4 Bxe3 19.Qxe3 Qxh4 20.Ba4+ Ke7 21.Ne2 Rb8 22.b4 b5 23.cxb5 axb5
24.Bc2 c4 25.Nc3 Bd7 26.Ka1 Qg5 27.Qf2 Rb7 28.h4 Qf4 29.h5 Nf8 30.Rd1 Nh7
31.Ne2 Qf6 32.Qg3 Ra8 33.Kb2 Rba7 34.Nc3 Ra3 35.Bb1 Ng5 36.Rhf1 Rxc3 37.Kxc3 Nxe4+
38.fxe4 Ra3+ 39.Kb2 Rxg3 40.Rxf6 Kxf6 41.a4 Rb3+ 42.Kc2 bxa4  0-1

[Event "KNSB TCh-NED 2007-8"]
[Site "Netherlands NED"]
[Date "2007.09.15"]
[Round "1"]
[White "Deleyn,G"]
[Black "Van de Oudeweetering,A"]
[Result "0-1"]
[WhiteElo "2303"]
[BlackElo "2368"]

1.c4 c6 2.b3 d5 3.Bb2 Nf6 4.e3 Bf5 5.Nf3 e6 6.Nh4 Bg4 7.Be2 Bxe2 8.Qxe2 Nbd7
9.O-O Be7 10.cxd5 cxd5 11.Nc3 O-O 12.g3 a6 13.d3 Rc8 14.Rac1 Qa5 15.Rc2 Ba3
16.Bxa3 Qxa3 17.Nb1 Qa5 18.Kg2 Rc7 19.Rfc1 Rfc8 20.h3 Ne5 21.f4 Nc6 22.a3 Qb6
23.b4 a5 24.bxa5 Qxa5 25.Nf3 Ne8 26.Qd2 Qa7 27.Kf2 h6 28.Rc5 Qb6 29.Qa2 Nd6
30.Nbd2 Qa6 31.Qb3 b6 32.R5c2 Na5 33.Qb1 Rxc2 34.Rxc2 Rc5 35.Rxc5 bxc5 36.Qb8+ Kh7
37.Qc7 c4 38.dxc4 Naxc4 39.Nxc4 dxc4 40.Ne5 Qxa3 41.Nxf7 Ne4+ 42.Kf3 Nd2+
43.Kg4 Qxe3 44.Nxh6 Ne4 45.f5 Nf2+  0-1

[Event "3rd Geller mem Open A"]
[Site "Odessa UKR"]
[Date "2007.09.15"]
[Round "8"]
[White "Eingorn,V"]
[Black "Kovalev,De"]
[Result "1/2-1/2"]
[WhiteElo "2586"]
[BlackElo "2433"]

1.c4 c6 2.Nc3 d5 3.e3 Nf6 4.d4 Bg4 5.Qb3 Qb6 6.Qxb6 axb6 7.cxd5 Nxd5 8.Nxd5 cxd5
9.Bd2 Nc6 10.Nf3 Bxf3 11.gxf3 e6 12.Bb5 Bd6 13.Ke2 Ke7 14.Rhc1 Rhc8 15.h3 g6
16.a3 Kd8 17.Rab1 Na5 18.Bxa5  1/2-1/2

[Event "17th ch-EU U18 Boys"]
[Site "Sibenik CRO"]
[Date "2007.09.17"]
[Round "4"]
[White "Tereick,B"]
[Black "Delorme,Ax"]
[Result "1/2-1/2"]
[WhiteElo "2404"]
[BlackElo "2317"]

1.c4 c6 2.g3 d5 3.Bg2 Nf6 4.Nf3 Bg4 5.Ne5 Be6 6.cxd5 Bxd5 7.Nf3 c5 8.Nc3 Bc6
9.O-O Nbd7 10.d3 g6 11.e4 e5 12.Qe2 Bg7 13.Ne1 O-O 14.f4 Ne8 15.f5 Nd6 16.Be3 h6
17.g4 g5 18.Nf3 a5 19.h4 f6 20.hxg5 hxg5 21.Rfc1 b6 22.a3 Nb5 23.Nxb5 Bxb5
24.b4 axb4 25.axb4 cxb4 26.Qb2 Rxa1 27.Rxa1 Nc5 28.Qxb4 Qxd3 29.Ra3 Qc4 30.Qxc4+ Bxc4
31.Rc3 Ba6 32.Bxc5 bxc5 33.Rxc5 Rc8 34.Rxc8+ Bxc8 35.Bf1 Bf8 36.Bc4+ Kg7
37.Nd2 Bc5+ 38.Kg2 Kf8 39.Kf1 Ke7  1/2-1/2

[Event "6th ch-Asia"]
[Site "Cebu City PHI"]
[Date "2007.09.21"]
[Round "3"]
[White "Kunte,A"]
[Black "Zhao Jun"]
[Result "1/2-1/2"]
[WhiteElo "2519"]
[BlackElo "2558"]

1.c4 c6 2.e4 d5 3.exd5 cxd5 4.d4 Nf6 5.Nc3 Nc6 6.Bg5 dxc4 7.Bxc4 e6 8.Nf3 Be7
9.O-O O-O 10.Re1 a6 11.Bb3 b5 12.Qd2 Bb7 13.Qf4 Nb4 14.Rad1 Nbd5 15.Nxd5 Bxd5
16.Bc2 Rc8 17.Bb1 Nh5  1/2-1/2

[Event "16th Monarch Assurance"]
[Site "Port Erin IOM"]
[Date "2007.09.23"]
[Round "2"]
[White "Spraggett,K"]
[Black "Dworakowska,J"]
[Result "1/2-1/2"]
[WhiteElo "2585"]
[BlackElo "2320"]

1.c4 c6 2.Nf3 d5 3.e3 e6 4.b3 Nf6 5.Bb2 Bd6 6.Nc3 O-O 7.Qc2 Nbd7 8.Be2 a6
9.d4 Qe7 10.O-O e5 11.cxd5 cxd5 12.dxe5 Nxe5 13.Rad1 Nxf3+ 14.Bxf3 Qc7 15.g3 Bh3
16.Rfe1 Rac8 17.Rc1 Be5 18.Qd3 Qa5 19.a3 Be6 20.b4 Qd8 21.Qb1 Qe7 22.Ne2 Bxb2
23.Qxb2 Rc4 24.Nd4 Rfc8 25.Be2 R4c7 26.b5 axb5 27.Nxb5 Rc5 28.Nd4 Ne4 29.Rxc5 Rxc5
30.Bf1 h5 31.Nxe6 fxe6 32.Bg2 Nf6 33.Qe5 Rc6 34.Bh3 Kf7 35.Rb1 Ra6 36.Qb8 Qxa3
37.Rxb7+ Kg6 38.Bf1 Ra8 39.Qe5 Re8 40.h4 Re7 41.Rb6 Kf7 42.Bh3 Qc1+ 43.Kg2 Qc8
44.Rd6 Qe8 45.Kg1 Qc8 46.Rb6 Qc1+ 47.Kh2 Qc8 48.Qb2 Qc4 49.Kg1 Qc5 50.Rb5 Qc6
51.Bf1 Rc7 52.Qd4 Qc1 53.Qf4 Re7 54.Rb6 Qd1 55.Kg2 Qg4 56.Rb5 Qxf4 57.gxf4 g6
58.Bd3 Ng4 59.Be2 Nh6 60.Bd3 Ng4  1/2-1/2

[Event "6th ch-Asia"]
[Site "Cebu City PHI"]
[Date "2007.09.26"]
[Round "8"]
[White "Maga,M"]
[Black "Russell,MKA"]
[Result "1-0"]
[WhiteElo "2368"]
[BlackElo "2220"]

1.c4 c6 2.e4 d5 3.cxd5 cxd5 4.exd5 Nf6 5.d4 Nxd5 6.Nf3 Nc6 7.Nc3 Bg4 8.Qb3 Bxf3
9.gxf3 e6 10.Qxb7 Nxd4 11.Bb5+ Nxb5 12.Qc6+ Ke7 13.Qxb5 Qd7 14.Qc4 Nxc3 15.bxc3 f6
16.O-O Kf7 17.Bf4 Be7 18.Rad1 Qc8 19.Qb3 Qc6 20.Rfe1 Rhd8 21.Re3 Rxd1+ 22.Qxd1 e5
23.Bg3 g5 24.Qb1 Kg7 25.h4 Bc5 26.Re4 h6 27.h5 Bb6 28.a4 Rb8 29.Rb4 Qe8 30.a5 Bc7
31.Rxb8 Bxb8 32.Qb7+ Kh8 33.c4 Kg8 34.c5 Qd8 35.Qb1 Kh8 36.a6 Bc7 37.Kg2 Qe7
38.Qg6 Qf8 39.Qf5 Bd8 40.Bxe5 Be7 41.c6  1-0

[Event "Magistral ITT ENDESA"]
[Site "Santiago CHI"]
[Date "2007.09.28"]
[Round "3"]
[White "Valdes Escobar,A"]
[Black "Alonso,S"]
[Result "1/2-1/2"]
[WhiteElo "2305"]
[BlackElo "2403"]

1.c4 c6 2.e4 d5 3.exd5 cxd5 4.d4 Nf6 5.Nc3 g6 6.cxd5 Bg7 7.Bc4 O-O 8.Nge2 Na6
9.O-O Nc7 10.Qb3 a6 11.a4 b5 12.axb5 axb5 13.Rxa8 bxc4 14.Rxc8 cxb3 15.Rxd8 Rxd8
16.Bd2 Nfxd5 17.Nxd5 Nxd5 18.Ra1 e6 19.Kf1 Bf8 20.Nc1 Rc8 21.Ke1 Kg7 22.Kd1 Rb8
23.Nd3 Be7 24.Ra7 Rc8 25.Rb7 Rc4 26.Rxb3 Rxd4 27.Ke2 Re4+ 28.Kf3 Rd4 29.Ke2 Re4+
30.Kf3  1/2-1/2

[Event "TCh-BEL 2007-8"]
[Site "Belgium BEL"]
[Date "2007.09.30"]
[Round "1"]
[White "Barbier,W"]
[Black "Petzold,K"]
[Result "1/2-1/2"]
[WhiteElo "2198"]
[BlackElo "2265"]

1.c4 c6 2.g3 d5 3.Bg2 Nf6 4.Nf3 Bg4 5.Ne5 Be6 6.cxd5 Bxd5 7.Nf3 c5 8.Nc3 Bc6
9.O-O e6 10.d4 Nbd7 11.a3 Be7 12.dxc5 Nxc5 13.b4 Na4 14.Qxd8+  1/2-1/2

[Event "16th Monarch Assurance"]
[Site "Port Erin IOM"]
[Date "2007.09.30"]
[Round "9"]
[White "Fairbairn,S"]
[Black "Smokina,K"]
[Result "0-1"]
[WhiteElo "2091"]
[BlackElo "2205"]

1.c4 c6 2.Nf3 d5 3.b3 Nf6 4.g3 Bf5 5.Bg2 h6 6.Bb2 Nbd7 7.O-O e6 8.d3 Be7
9.Nbd2 O-O 10.Rc1 a5 11.a3 Bh7 12.Qc2 Re8 13.Rfe1 Bf8 14.e4 Nc5 15.Ne5 Nfd7
16.Nxd7 Qxd7 17.Qc3 dxc4 18.Nxc4 Qxd3 19.Rcd1 Qxc3 20.Bxc3 Nxb3 21.Rb1 a4
22.Nb6 Ra6 23.Nxa4 Rxa4 24.Rxb3 Rxa3 25.Rxa3 Bxa3 26.Rb1 b5 27.Rb3 Bc5 28.e5 Rc8
29.Bb2 b4 30.Bc1 Bc2  0-1

[Event "Open"]
[Site "Corfu GRE"]
[Date "2007.10.05"]
[Round "5"]
[White "Wolter,N"]
[Black "Jung,M"]
[Result "1-0"]
[WhiteElo "1973"]
[BlackElo "1940"]

1.c4 c6 2.e4 d5 3.cxd5 cxd5 4.e5 e6 5.d4 Ne7 6.Nf3 Ng6 7.Nc3 Bd7 8.h4 h6
9.Bd3 Ne7 10.Be3 a6 11.Qd2 Nbc6 12.Rc1 Nc8 13.h5 Be7 14.Rh3 b5 15.Rg3 Bf8
16.Kf1 Nb6 17.Qe2 Nc4 18.b3 Nxe3+ 19.fxe3 Qa5 20.Nh4 O-O-O 21.Rf3 Be8 22.Rf2 Kb7
23.Nxb5 axb5 24.Bxb5 Rc8 25.a4 Be7 26.Nf3 f5 27.Qb2 Bd7 28.Rfc2 Rc7 29.Ne1 Rhc8
30.Nd3 Be8 31.Nc5+ Bxc5 32.Rxc5 Qb6 33.b4 Bxh5 34.a5 Qa7 35.a6+ Kb6 36.Qa3 Qa8
37.Bxc6 Rxc6 38.Qa5+ Ka7 39.b5 Rxc5 40.b6+ Kb8 41.Rxc5 Rc6 42.Kf2 Be8 43.a7+ Kb7
44.Qa3 Kxb6 45.Qa1 Kb7 46.Rb5+ Kc8 47.Rb8+ Qxb8 48.axb8=Q+ Kxb8  1-0

[Event "Open"]
[Site "Hoogeveen NED"]
[Date "2007.10.15"]
[Round "4"]
[White "Hamelink,D"]
[Black "Meurs,T"]
[Result "1-0"]
[WhiteElo "2202"]
[BlackElo "2051"]

1.c4 c6 2.g3 d5 3.b3 e5 4.Bb2 d4 5.Nf3 f6 6.Bg2 Be6 7.O-O Nd7 8.e3 c5 9.exd4 cxd4
10.Bxd4 exd4 11.Nxd4 Bf7 12.Bxb7 Rb8 13.Re1+ Be7 14.Nc6 Rxb7 15.Nxd8 Kxd8
16.Qf3 Rb8 17.d4 Bb4 18.Nc3 Ne7 19.Red1 h5 20.Ne4 h4 21.a3 Ba5 22.Nd6 Bh5
23.g4 Bc7 24.gxh5 Bxd6 25.c5 Bc7 26.Re1 g6 27.c6 Nxc6 28.Qxc6 Rxh5 29.Qe6 Bf4
30.Qe7+ Kc7 31.Rac1+ Bxc1 32.Rxc1+ Kb6 33.Qxd7 Rg5+ 34.Kf1  1-0

[Event "WJun"]
[Site "Yerevan ARM"]
[Date "2007.10.16"]
[Round "13"]
[White "Benidze,D"]
[Black "Hungaski,R"]
[Result "1-0"]
[WhiteElo "2365"]
[BlackElo "2432"]

1.c4 c6 2.d4 d5 3.Nf3 Nf6 4.e3 Bf5 5.Nc3 e6 6.Nh4 Bg6 7.Nxg6 hxg6 8.Qb3 Qc7
9.g3 Nbd7 10.Bd2 Nb6 11.c5 Nbd7 12.Qc2 e5 13.b4 Be7 14.f4 exd4 15.exd4 Nh5
16.Bg2 f5 17.O-O Nhf6 18.Rfe1 Ne4 19.Bxe4 fxe4 20.Nxe4 dxe4 21.Qxe4 Nf6 22.Qxg6+ Kf8
23.Re5 Qd7 24.Rae1 Qxd4+ 25.Be3 Qd7 26.f5 Ng8 27.h4 Bf6 28.Re6 Re8 29.Bf4 Rxe6
30.fxe6 Qe8 31.Qd3 Ne7 32.b5 Kg8 33.bxc6 Qxc6 34.Qd8+ Kh7 35.Qd3+ Kg8 36.Qd8+ Kh7
37.Qd3+ g6 38.Bd6 Rd8 39.Rf1 Qd5 40.Qf3 Qxf3 41.Rxf3 Ng8 42.Kg2 b6 43.Kh3 Re8
44.c6 Rxe6 45.c7 Re8 46.g4 g5 47.hxg5 Bg7 48.Rf7 Kg6 49.Rd7 Rc8 50.Kg3 b5
51.Kf3 Bc3 52.Rd8 Ne7 53.Bxe7 Rxc7 54.Rd6+ Kg7 55.Bd8 Rc8 56.Ke4 Bb2 57.Kf5 Rc5+
58.Ke6 Re5+ 59.Kd7 Re2 60.Re6 Rg2 61.Ke8 Rxg4 62.Bf6+ Kh7 63.Re7+ Kg6 64.Rg7+ Kf5
65.Bxb2 Rxg5 66.Rxa7 Ke4 67.Ba3 Rd5 68.Ke7 Rh5 69.Kd7 Kd5 70.Be7 Rh7 71.Rb7 Kc4
72.Rc7+ Kd3 73.Kc6 b4 74.Bxb4 Rxc7+ 75.Kxc7 Kc4 76.a3 Kb5 77.Kb7 Ka4 78.Kb6  1-0

[Event "Open"]
[Site "Hoogeveen NED"]
[Date "2007.10.17"]
[Round "6"]
[White "Erwich,Frank"]
[Black "Ahlers,B"]
[Result "1-0"]
[WhiteElo "2346"]
[BlackElo "2190"]

1.c4 c6 2.e4 d5 3.exd5 cxd5 4.d4 Nf6 5.Nc3 Nc6 6.Nf3 Bg4 7.cxd5 Nxd5 8.Qb3 Bxf3
9.gxf3 e6 10.Qxb7 Nxd4 11.Bb5+ Nxb5 12.Qc6+ Ke7 13.Qxb5 Qd7 14.Qe2 f6 15.O-O Kf7
16.Rd1 Bd6 17.Nxd5 exd5 18.Qd3 Qe6 19.Qxd5 Qxd5 20.Rxd5 Rhd8 21.Kg2 Be5 22.Rxd8 Rxd8
23.Be3 a6 24.Rb1 Rc8 25.b4 Rc4 26.a4 Bd6 27.Bd2 Ke6 28.a5 Rd4 29.Be1 Rd5
30.Rc1 Kd7 31.Rc4 Rg5+ 32.Kf1 Bxh2 33.Rh4 Bd6 34.Rxh7 Ke6 35.Ke2 Re5+ 36.Kd1 Rxe1+
37.Kxe1 Bxb4+ 38.Ke2 Bxa5 39.Rxg7 Bb4 40.Rb7 a5 41.Rb5 Kd6 42.f4 Ke6 43.Kd3 f5
44.Rb6+ Kf7 45.Kd4 Be1 46.Ke5  1-0

[Event "Open"]
[Site "Hoogeveen NED"]
[Date "2007.10.17"]
[Round "6"]
[White "Hort,V"]
[Black "Smeets,J"]
[Result "1/2-1/2"]
[WhiteElo "2483"]
[BlackElo "2558"]

1.c4 c6 2.e4 d5 3.exd5 cxd5 4.d4 Nf6 5.Nc3 Nc6 6.Nf3 Bg4 7.cxd5 Nxd5 8.Qb3 Bxf3
9.gxf3 e6 10.Qxb7 Nxd4 11.Bb5+ Nxb5 12.Qc6+ Ke7 13.Qxb5 Qd7 14.Bg5+ f6 15.Nxd5+ exd5
16.Qxd7+ Kxd7 17.Be3 Bb4+ 18.Ke2 Rhc8 19.Rac1 Bd6 20.h3 a6 21.Kd3 g6 22.b3 Rcb8
23.Rhd1 a5 24.Ke2 Rb5 25.Rd4 Ra6 26.Kd3 a4 27.bxa4 Rba5 28.Ke2 Ke6 29.Rcd1 Be5
30.R4d3 g5 31.Kf1 Rc6 32.Bd4 Bxd4 33.Rxd4 Rc4 34.Re1+ Kd6 35.Rd2 Rf4 36.Kg2 Raxa4
37.Re8 Rad4 38.Rde2 Rd3 39.R8e6+ Kc5 40.R2e3 Rd2 41.Ra3 Kd4 42.Kg3 Rc2 43.Ree3 h5
44.Ra4+ Rc4 45.Ra5 h4+ 46.Kg2 Rf5 47.Re1 Rc3 48.Ra4+ Kc5 49.Re3 Rc4 50.Ra5+ Kd6
51.a4 Re5 52.Ra6+ Rc6 53.Ra8 d4 54.Ra3 Rc2 55.Rd8+ Kc5 56.Rc8+ Kb4 57.Rxc2 Kxa3
58.Rd2 Rd5 59.a5 Kb3 60.a6 Kc3 61.Ra2 Rd8 62.a7 Ra8 63.Kf1 f5 64.Ra3+ Kc2
65.Ra2+ Kb3 66.Ra6 g4 67.fxg4 fxg4 68.hxg4 h3 69.Ke2 h2 70.Rh6 Kc2 71.Rc6+ Kb2
72.Rh6 Kc3 73.Rc6+ Kb4 74.Rh6 Rxa7 75.Kd3 Kc5 76.Rh5+ Kd6  1/2-1/2

[Event "TCh-ROU Superliga"]
[Site "Predeal ROU"]
[Date "2007.10.18"]
[Round "6"]
[White "Doncea,V"]
[Black "Murariu,A"]
[Result "0-1"]
[WhiteElo "2451"]
[BlackElo "2503"]

1.c4 c6 2.e4 d5 3.exd5 Nf6 4.d4 cxd5 5.Nc3 Nc6 6.Nf3 e6 7.c5 Be7 8.Bf4 O-O
9.Bb5 Bd7 10.O-O Ne4 11.Bxc6 Bxc6 12.Qc2 f6 13.b4 Qd7 14.Rfb1 a6 15.Rb3 g5
16.Be3 Nxc3 17.Qxc3 Bd8 18.h4 h6 19.Rbb1 Bc7 20.Qc2 Qg7 21.a4 Be8 22.Qc1 Bh5
23.Ne1 f5 24.f3 f4 25.Bf2 gxh4 26.Qc3 Bd8 27.b5 Bg6 28.Rc1 Bf5 29.c6 bxc6
30.bxc6 Rc8 31.Ra2 Kh8 32.Rb2 h3 33.Rb7 Bc7 34.Bh4 Qg6 35.Qc5 Rf7 36.Qa7 hxg2
37.Bd8 Bxd8 38.Rxf7 Bh4 39.Nxg2 Rg8 40.Rh7+ Qxh7 41.Qxh7+ Kxh7 42.c7 e5 43.dxe5 Bg3  0-1

[Event "TCh-ROU Superliga"]
[Site "Predeal ROU"]
[Date "2007.10.19"]
[Round "7"]
[White "Marin,Mi"]
[Black "Sergeev,Vl"]
[Result "1/2-1/2"]
[WhiteElo "2551"]
[BlackElo "2507"]

1.c4 c6 2.e4 d5 3.exd5 cxd5 4.d4 Nf6 5.Nc3 e6 6.Nf3 Bb4 7.Bd3 dxc4 8.Bxc4 O-O
9.O-O Nc6 10.Bg5 Be7 11.a3 b6 12.Qd3 Bb7 13.Rad1 Rc8 14.Rfe1 Re8 15.Bb3 g6
16.h4 Na5 17.Ba4 Bc6 18.Bxc6 Nxc6 19.d5 Nxd5 20.Nxd5 exd5 21.Qxd5 Qxd5 22.Rxd5 Bxg5
23.Rxe8+ Rxe8 24.hxg5 Kg7 25.Kf1 Re7 26.b4 Rc7 27.Rd6 h6 28.gxh6+ Kxh6 29.g4 Kg7
30.Ke2 Kf8  1/2-1/2

[Event "Bundesliga 2007-8"]
[Site "Wattenscheid GER"]
[Date "2007.10.19"]
[Round "7"]
[White "Appel,R"]
[Black "Hoffmann,Mi1"]
[Result "1-0"]
[WhiteElo "2529"]
[BlackElo "2471"]

1.c4 c6 2.e4 d5 3.exd5 cxd5 4.cxd5 Nf6 5.Nc3 Nxd5 6.Bc4 Nxc3 7.Qf3 e6 8.dxc3 Qc7
9.Bb3 Nd7 10.Ne2 Bd6 11.Nd4 Ne5 12.Qe2 a6 13.f4 Nc6 14.Nf5 Bf8 15.O-O Bd7
16.Be3 O-O-O 17.Ng3 Na5 18.Qf2 Nxb3 19.axb3 Qc6 20.Ra5 Kb8 21.Ne2 Be7 22.Nd4 Qe4
23.Re1 Qd3 24.f5 Rhe8 25.Qf3 e5 26.Rxe5 Bd6 27.Rxe8 Rxe8 28.Qd5 Rxe3 29.Qxd6+ Ka8
30.Rf1 Be8 31.h3 Qe4 32.Kh2 Rd3 33.Rf2 Re3 34.Rd2 Re1 35.Nf3 Re3 36.Rd4 Qe7
37.Qb6 Bd7 38.Rxd7  1-0

[Event "Bundesliga 2007-8"]
[Site "Remagen GER"]
[Date "2007.10.20"]
[Round "1"]
[White "Steingrimsson,H"]
[Black "Bindrich,F"]
[Result "0-1"]
[WhiteElo "2533"]
[BlackElo "2512"]

1.c4 c6 2.e4 d5 3.exd5 cxd5 4.d4 Nf6 5.Nc3 e6 6.Nf3 Be7 7.cxd5 Nxd5 8.Bd3 Nc6
9.O-O O-O 10.Re1 Bf6 11.Be4 Nce7 12.Ne5 Ng6 13.Qh5 Bxe5 14.dxe5 Qa5 15.Bf3 Nb4
16.Bd1 Bd7 17.Re3 Rfd8 18.a3 Bc6 19.Rh3 h6 20.Bb3 Nd5 21.Rg3 Nxc3 22.bxc3 Ba4
23.Bxa4 Qxa4 24.Bxh6 Qe4 25.Re3 Qc2 26.Bg5 Rd3 27.h4 Qxc3 28.Rae1 Qxa3 29.Qg4 Rxe3
30.Rxe3 Qa1+ 31.Kh2 Nxe5 32.Qg3 Nd7 33.h5 Rc8 34.Ra3 Qd1 35.Qh3 Qd6+ 36.Rg3 Rc3
37.Be3  0-1

[Event "Open A"]
[Site "Arco di Trento ITA"]
[Date "2007.10.21"]
[Round "2"]
[White "Serafimov,Di"]
[Black "Grom,W"]
[Result "1/2-1/2"]
[WhiteElo "2168"]
[BlackElo "2014"]

1.c4 c6 2.g3 d5 3.Bg2 e6 4.Nf3 Nf6 5.O-O Be7 6.d4 O-O 7.Nc3 Nbd7 8.Bg5 dxc4
9.e4 h6 10.Bf4 Re8 11.Qc2 Nf8 12.Rad1 Ng6 13.Be3 Qa5 14.h3 b5 15.d5 cxd5
16.exd5 exd5 17.Nd4 Bb7 18.Ndxb5 Ne4 19.Nxd5 Qxb5 20.Bxe4 Bf8 21.Nc7 Bxe4
22.Qxe4 Rxe4 23.Nxb5 Rb8 24.Nc3 Re6 25.Bxa7 Rxb2 26.Rd8 Kh7 27.Rc8 Bb4 28.Rxc4 Bxc3
29.Rxc3 Rxa2 30.Be3 f6 31.Rb1 Re7 32.Rc8 Rd7 33.Rbc1 Ne5 34.R8c7 Rxc7 35.Rxc7 Ra1+
36.Kg2 Rd1 37.g4 Rd7 38.Rxd7 Nxd7 39.Kf3 Kg6 40.Ke4 Kf7 41.h4 Ne5 42.f3 Ke6
43.Bf4 Nf7 44.Bg3 g6 45.Bf4 f5+ 46.Kd4 fxg4 47.fxg4 h5 48.gxh5 gxh5 49.Ke4 Kf6
50.Bc7 Kg6 51.Kf4 Nh6 52.Bd8 Nf5 53.Bg5 Nxh4 54.Bxh4  1/2-1/2

[Event "Bundesliga 2007-8"]
[Site "Zehlendorf GER"]
[Date "2007.10.21"]
[Round "2"]
[White "Kolbus,D"]
[Black "Werner,Di"]
[Result "1/2-1/2"]
[WhiteElo "2386"]
[BlackElo "2346"]

1.c4 c6 2.Nf3 Nf6 3.b3 g6 4.Bb2 Bg7 5.g3 O-O 6.Bg2 d6 7.O-O e5 8.d3 h6 9.Nbd2 c5
10.Ne4 Nc6 11.Ne1 Nd4 12.e3 Nc6 13.Nc2 Be6 14.Qd2 Qd7 15.Rab1 Rad8 16.Nxf6+ Bxf6
17.e4 Bg7 18.f4 Nd4 19.Nxd4 exd4 20.a4 Rb8 21.Qf2 f5 22.Rbe1 Rbe8 23.exf5 Bxf5
24.Be4 Bxe4 25.Rxe4 d5 26.Rxe8 Rxe8 27.Qc2 Qg4 28.Bc1 Re2 29.Qd1 dxc4 30.bxc4 Qe6
31.Bd2 Qe8 32.Re1 Rxe1+ 33.Bxe1 Kh7 34.Bd2 b6 35.Kf2 Qd7 36.Kg2 Qc6+ 37.Kf2 Qd7
38.Kg2 Qc6+ 39.Kf2  1/2-1/2

[Event "Open A"]
[Site "Arco di Trento ITA"]
[Date "2007.10.22"]
[Round "3"]
[White "Maneschi,G"]
[Black "Niccoli,P"]
[Result "1/2-1/2"]
[WhiteElo "2071"]
[BlackElo "1861"]

1.c4 c6 2.g3 d5 3.Bg2 Nf6 4.Nf3 Bf5 5.cxd5 cxd5 6.Qb3 Qc7 7.Nc3 e6 8.d3 Nc6
9.O-O Be7 10.Bf4 Qd7 11.Rfd1 Bg4 12.Rdc1 O-O 13.Ne5 Nxe5 14.Bxe5 Bd6 15.Bxd6 Qxd6
16.Nb5 Qb6 17.e3 Rfc8 18.Nd4  1/2-1/2

[Event "ch-Euro Blitz"]
[Site "Ajaccio FRA"]
[Date "2007.10.26"]
[Round "23"]
[White "Mchedlishvili,M"]
[Black "Fridman,D2"]
[Result "0-1"]
[WhiteElo "2631"]
[BlackElo "2621"]

1.c4 c6 2.Nf3 d5 3.g3 g6 4.Bg2 Bg7 5.Qb3 e6 6.O-O Nd7 7.d4 Ngf6 8.Bf4 O-O
9.Nbd2 b6 10.Rac1 Bb7 11.Rfe1 Qe7 12.cxd5 Nxd5 13.Bg5 f6 14.Bf4 Kh8 15.Nc4 Nxf4
16.gxf4 c5 17.Qa3 Rfe8 18.Red1 Bd5 19.dxc5 Nxc5 20.Ne3 Bb7 21.b4 Na6 22.Nc4 Rad8
23.b5 Qxa3 24.Nxa3 Nb4 25.Rxd8 Rxd8 26.Rc7 Be4 27.Rxa7 Bh6 28.Ra4 Rd1+ 29.Bf1 Bxf3
30.exf3 Nd5 31.Nc4 Bxf4 32.Ra6 Bxh2+ 33.Kxh2 Rxf1 34.Nxb6 Nxb6 35.Rxb6 Rxf2+
36.Kg3 Rxa2 37.Rxe6 Kg7 38.Re7+ Kh6 39.b6 Rb2 40.b7 Rb4 41.Rc7 g5 42.Rd7 Kg6
43.Kf2 h5 44.Ke3 Rb2 45.Kd3 h4 46.Kc3 Rb1 47.Kc2 Rb6 48.Kd2 h3 49.Ke2 h2
50.Rd1 Rxb7 51.Kf2 Rb2+ 52.Kg3 Kf5 53.Rd5+ Ke6 54.Rd1 Ke5 55.Re1+ Kf5 56.Rc1 Re2
57.Rc5+ Ke6 58.Rc6+ Ke5 59.Rc5+ Ke6 60.Rc6+ Kf5 61.Rc5+ Kg6 62.Rc1 f5 63.Kh3 Kh5
64.Rh1 Re3 65.Kg2 Kg6 66.Kf2 Ra3 67.Kg3 g4 68.Kxh2 Rxf3  0-1

[Event "22nd GP Open A"]
[Site "Le Touquet FRA"]
[Date "2007.10.29"]
[Round "4"]
[White "Przymusinski,N"]
[Black "Battaglini,G"]
[Result "0-1"]
[WhiteElo "2089"]
[BlackElo "2295"]

1.c4 c6 2.e4 d5 3.exd5 cxd5 4.d4 Nf6 5.Nc3 Nc6 6.Bg5 Be6 7.Nf3 Qa5 8.Qb3 O-O-O
9.Be2 Bg4 10.Bxf6 exf6 11.cxd5 Bxf3 12.gxf3 Nxd4 13.Qc4+ Qc5 14.Qd3 Bd6 15.O-O Nxe2+
16.Nxe2 Kb8 17.Rac1 Qb6 18.Rc3 Be5 19.Rb3 Qd6 20.f4 Bxf4 21.Nxf4 Qxf4 22.Qg3 Qxg3+
23.Rxg3 g6 24.Re1 Rhe8 25.Rge3 Rxe3 26.Rxe3 Rd7 27.d6 b6 28.Kg2 Kb7 29.f4 Kc6
30.Kg3 Rxd6 31.Re7 Rd7 32.Re8 a5 33.h4 Rd3+  0-1

[Event "ETCC w"]
[Site "Crete GRE"]
[Date "2007.10.31"]
[Round "4"]
[White "Kovalevskaya,E"]
[Black "Madl,I"]
[Result "1/2-1/2"]
[WhiteElo "2448"]
[BlackElo "2381"]

1.c4 c6 2.e4 d5 3.exd5 cxd5 4.d4 Nf6 5.Nc3 e6 6.Nf3 Be7 7.cxd5 Nxd5 8.Bd3 b6
9.Ne5 O-O 10.Qh5 f5 11.Qe2 Nb4 12.Bc4 N8c6 13.Nf3 Nxd4 14.Nxd4 Qxd4 15.O-O Qg4
16.Bxe6+ Kh8 17.Qxg4 fxg4 18.Bd5 Rb8 19.Be4 Bb7 20.a3 Nc6 21.Be3 Bf6 22.Rad1 Na5
23.Bd4 Rbd8 24.Bxf6 gxf6 25.Bxb7 Nxb7 26.Nd5 Rd6 27.Ne3 f5 28.Rxd6 Nxd6 29.Rd1 Rf6
30.Kf1 Kg8 31.Rc1 Rf7 32.Nd5 Kg7 33.Ke2 Rd7 34.Ne3 Kf7 35.g3 Re7 36.Rc6 Rd7
37.Rc1 Re7 38.Rc2 h5 39.Rc6 Rd7 40.Rc1 Re7 41.Rc6 Rd7 42.Nc4 Re7+ 43.Kd3 Nxc4
44.Rxc4 Re1 45.Rc7+ Kf6 46.Rxa7 Rb1 47.b4 Rb2 48.Ke3 Rb3+ 49.Ke2 f4 50.gxf4 Rh3
51.Ra6 Rxh2 52.Rxb6+ Kf5 53.Kf1 h4 54.Kg1 g3 55.fxg3 hxg3 56.Rc6 Rb2 57.Rc8 Kxf4
58.Rf8+ Kg4 59.Rg8+ Kf3 60.Rf8+  1/2-1/2